Statistics for Greek Gods

Click here to take the quiz!

General Stats

  • This quiz has been taken 69 times
  • The average score is 9 of 10

Answer Stats

God ofAnswer% Correct
BeautyAphrodite
95%
SeaPoseidon
93%
WarAres
92%
DeadHades
90%
WineDionysus
87%
GrainDemeter
85%
TravelHermes
85%
MusicApollo
83%
The HuntArtemis
82%
ReasonAthena
82%

Score Distribution

Percentile by Number Answered

Percent of People with Each Score

Your Score History

You have not taken this quiz